000
00397nam a22001097a 4500
082
_a
800
100
_a
पाण्डे,इरा
_9
83763
245
_a
दिदी शिवानी की कहानी
260
_a
नयी दिल्ली
_b
राजकमल पेपरबैक्स प्रकाशन
_c
2025
650
_a
संस्मरण
942
_c
HIN
999
_c
68732
_d
68732